000 00666nam a2200205Ia 4500
003 GCL
008 140319s9999 xx 000 0 ara d
020 _a0025496977
040 _aGCL /
_cGCL
082 0 4 _a960
_bر ت
100 1 _aمحمد زينهم محمد عزب
245 1 0 _aتاريخ افريقيا والمغرب /
_cمحمد زينهم محمد عزب
700 1 _aالرقيق القيروانى
250 _aالاولى
260 _a[S.N] :
_bدار الفرجانى للنشر والتوزيع ،
_c1994
300 _a162 ص ؛
_c24 سم
650 0 4 _aافريقيا - تاريخ
650 0 4 _aالمغرب - تاريخ
942 _2ddc
_cBK
999 _c41283
_d41283